Datum a čas kvízu

31 Celkem bodů Celkový počet nahraných bodů na tomto kvízu bez doplňovacích otázek.
4. Pořadí na kvízu Konečné umístění týmu na tomto kvízu.

Zaznamenané odpovědi

# Otázka Odpověď Body Výsledky
1. Nezvyklou předehru měl odlet č... drogy 0
2. Jistě jste i vy zaznamenali ma... DNS 1
3. Minulý týden měl premiéru doku... Olga Malířová Špátová 1
4. Společnost Blue Origin Jeffa B... James T. Kirk 0
5. Vedení českého hokeje minulý č... Ondřeje Paláta 0
-14. Po Středočeském kraji nás v da... Španělský sál 0
-13. Nejnavštěvovanější událostí v... Signal Festival 1
-12. Místem, které rozhodně stojí z... Moja 1
-11. K nejpůsobivějším gotickým sta... Staroměstská mostecká věž 0.5
-10. Seřaďte následující zahraniční... 1C 2D 3A 4B 0